00782cam a2200217Ma 450000500170000000800410001702000180005802000180007603500210009404000500011504100080016510000200017324501130019326000420030630000230034850400530037165000320042465000430045665000450049970000200054420150609114211.0150609s2011 enk frb 001 0 eng d a9781848135147 a9781848135154 a(OCoLC)769263027 aCO-BoUCMbspacJose A. GerenadJose A. Gerena0 aeng1 aCudworth, Erika10aPosthuman international relationsbcomplexity, ecologism and global politicscErika Cudworth, Stephen Hobden aLondres (Inglaterra)bZed booksc2011 avii, 215 páginas aIncluye referencias bibliográficas e índices 7aRelaciones internacionales  7aGlobalización xAspectos políticos 7aEcología humana xAspectos políticos1 aHobden, Stephen